000 00821cam a22002654a 4500
001 3475
005 20240311110037.0
020 _a043917208X
040 _aDLC
_cDLC
_dDLC
_beng
050 0 0 _aQL467.B365
082 0 0 _a595.7
100 1 _aBarner, Bob
245 1 0 _aBugs! Bugs! Bugs! /
_cby Bob Barner
250 _aFirst Scholastic printing , February 2000
260 _aNew York :
_bScholastic ,
_c1999
300 _a31 unnumbered pages :
_bcolor illustrations ;
_c21 cm.
505 _aD
520 _aA nonsense rhyme introduces children to familiar bugs. Includes a fun facts sections.
521 _a160
_bLexile estimate
521 _aD
_bRaz-Plus
650 0 _aInsects
_xJuvenile literature
650 1 _aInsects
906 _a7
_bcbc
_corignew
_d1
_eocip
_f19
_gy-gencatlg
942 _2ddc
_cBK
_n0
999 _c3475
_d3475